| 000 | 00717nam a2200205Ia 4500 | ||
|---|---|---|---|
| 003 | GCL | ||
| 008 | 140319s9999 xx 000 0 ara d | ||
| 040 |
_aGCL / _cGCL |
||
| 082 | 0 | 4 |
_a219 _bع ا |
| 100 | 1 | _aعلى نفيع العليانى | |
| 245 | 1 | 0 |
_aاهمية الجهاد فى نشر الدعوة الاسلامية والرد على الطوائف الضالةفيه / _cعلى نفيع العليانى |
| 260 |
_a[S.N] : _bدار الصفوة للنشر والتوزيع |
||
| 300 | _a546 ص | ||
| 490 | _a | ||
| 650 | 0 | 4 | _aالاسلام |
| 650 | 0 | 4 | _aالاخلاق الاسلامية |
| 650 | 0 | 4 | _aالتاريخ الاسلامى |
| 650 | 0 | 4 | _aالجهاد فى الاسلام |
| 942 |
_2ddc _cBK |
||
| 999 |
_c53886 _d53886 |
||